Técnicas de diseño de moda por ordenador.

Zapisane w:
Opis bibliograficzny
1. autor: López López, Anna María (autora)
Format: Książka
Wydane: Madrid, España: Anaya Multimedia, 2008.
Seria:Diseño y creatividad,
Hasła przedmiotowe:
Etykiety: Dodaj etykietę
Nie ma etykietki, Dołącz pierwszą etykiete!

MARC

LEADER 00000nam a22000007a 4500
003 CL-VaPUC
005 20250407202437.0
008 250306t2008 ||||| |||| 00| 0 eng d
999 |c 447142  |d 447140 
020 |a 978-84-415-2329-6 
040 |c Pontificia Universidad Católica de Valparaíso 
082 |a 746.92 LOP 2008 
100 |9 896372  |a López López, Anna María  |e autora 
245 |a Técnicas de diseño de moda por ordenador. 
260 |a Madrid, España:  |b Anaya Multimedia,  |c 2008. 
300 |a 400 páginas:  |b ilustraciones. 
490 |a Diseño y creatividad,  |n  289. 
500 |a c.1-c.2. Instituto Arcos,08-01-2025. 
583 |c 20250306  |k Gabriela Rodríguez Cuevas 
650 0 |9 390475  |a Diseño de moda  |x Técnicas digitales 
650 0 |9 346995  |a Moda  |x Diseño asistido por computadora 
942 |2 ddc  |c BK  |n 0 
952 |0 0  |1 0  |2 ddc  |4 0  |6 746_920000000000000_LOP_2008  |7 0  |8 A  |9 600698  |a BIBINC  |b BIBINC  |d 2025-03-06  |e Instituto Arcos  |i 5665585  |o 746.92 LOP 2008  |p 5665585  |r 2025-03-06  |t 1  |w 2025-03-06  |y BK  |k IFP 
952 |0 0  |1 0  |2 ddc  |4 0  |6 746_920000000000000_LOP_2008  |7 0  |8 A  |9 600699  |a BIBINC  |b BIBINC  |d 2025-03-06  |e Instituto Arcos  |i 5665586  |o 746.92 LOP 2008  |p 5665586  |r 2025-03-06  |t 2  |w 2025-03-06  |y BK  |k IFP